000 00686nam a22001937a 4500
005 20100806143712.0
010 _aENG-98566
020 _a8189630059
_c750.00
035 _aEN-82099
037 _bDBAD/PUB
082 _a346.7307
100 _aThirupathi,T
_97815
245 _aBusiness law /
_cBy T Thirupathi
260 _aNew Delhi
_bGlobal Research Publications
_c2008
270 _a4800/24, Ist Floor, Ansari Road Darya Ganj
_bNew Delhi
_e110002
300 _axiv,248p
_c21cm(Hb)
942 _2ddc
_cEN
_h346.7307
_mTHI
999 _c39805
_d39805